000 00530nam a2200181Ia 4500
008 090123s9999 xx 000 0 und d
082 _b3622
100 _aगांगल बाळ
245 _aचिमणीचे दात
250 _a1
260 _bसोमय्या पब्लिकोशन
_c1974
300 _a159
600 _aगांगल बाळ
630 _aचिमणीचे दात
700 _aगांगल बाळ
730 _aचिमणीचे दात
942 _cBOOK
999 _c41702
_d41702